MDQL
is popping MORE tags! Check the
thread
!
Quizzes
Events
Quiz Creation
Community
Videos
Private Events
Remove Ads
Sign In
Join for FREE
Feedback
Dark Mode
Quiz Categories
Sports
Geography
Music
Movies
Television
Just For Fun
Miscellaneous
History
Literature
Language
Science
Gaming
Entertainment
Religion
Holiday
For Kids
Quiz Lab
Recent
Popular Today
Quiz Kudos Today
Editor Picks
Curator Picks
Quizzes by...
Day
Popularity
Type
Ratings
Length
Year
Community
Subscriptions
Recent Discussions
Orange Saloon
Badges
Playlists
Quests
Create
Leaderboards
Showdown
Live 5
Trivia Bingo
Activity
Puzzle Library
Sporcle Events
Private Events
Virtual Trivia
Globe League
Become a Host
Pub Owners
SporcleCon
Opinionation
Our Games
Videos
Blog
Mobile Apps
Partnerships
Remove Ads and Go Orange
Feedback
Sports
Athletes
MLB
NBA
NHL
NFL
Soccer
Sports Teams
WWE
NCAA
Football
Premier League
Basketball
Baseball
Hockey
Golf
Tennis
Cricket
Rugby
Auto Racing
Olympics
World Cup
Sports
Athletes
MLB
NBA
NHL
NFL
Soccer
Sports Teams
WWE
NCAA
Football
Premier League
Basketball
Baseball
Hockey
Golf
Tennis
Cricket
Rugby
Auto Racing
Olympics
World Cup
Random Quiz
Search Sporcle
×
Quiz Lab
Quiz Lab
Sports
NFL
Type in answers that appear in a list
Type in answers that appear in a list
Classic
Best Score? Go Orange.
NFL 1990's Yearly Top 5 Reception Leaders Stats
Can you name the 1990's NFL Yearly Reception Leaders?
By
jmsmke
4m
50 Questions
479 Plays
479 Plays
479 Plays
Comments
Comments
Give Quiz Kudos
Give Quiz Kudos
-
- Ratings
hide this ad
Replay
Link that replays current quiz
Next Quiz
Link to next quiz in quiz playlist
You Got
0%
They Got
Avg Score
62%
Avg Friend Score
Upgrade to see
Score Distribution
Jump to the score distribution portion of the page
Score
0/50
Timer
04:00
0
Plays Today
% Correct
Jerry Rice (SFO)
97.9%
Jerry Rice (SFO)
97.9%
Jerry Rice (SFO)
97.9%
Jerry Rice (SFO)
97.9%
Jerry Rice (SFO)
97.9%
Jerry Rice (SFO)
97.9%
Cris Carter (MIN)
87.5%
Cris Carter (MIN)
87.5%
Cris Carter (MIN)
87.5%
Cris Carter (MIN)
87.5%
Cris Carter (MIN)
87.5%
Cris Carter (MIN)
87.5%
Michael Irvin (DAL)
84.8%
Michael Irvin (DAL)
84.8%
Michael Irvin (DAL)
84.8%
Andre Reed (BUF) & Andre Rison (ATL)
84.6%
Rod Smith (DEN)
83.1%
Jimmy Smith (JAX)
83.1%
Sterling Sharpe (GNB)
79.5%
Sterling Sharpe (GNB)
79.1%
Sterling Sharpe (GNB)
79.1%
Andre Rison (ATL)
76.2%
Andre Rison (ATL)
76.2%
Andre Rison (ATL)
76.2%
Herman Moore (DET)
74.9%
% Correct
Herman Moore (DET)
74.9%
Herman Moore (DET)
74.9%
Rob Moore (PHX)
74.9%
Tim Brown (OAK)
74.7%
Tim Brown (OAK)
74.7%
Marvin Harrison (IND)
68.1%
Issac Bruce (STL)
67%
Antonio Freeman (GNB)
54.9%
Terance Mathis (ATL)
41.3%
Irving Fryar (PHI)
40.5%
Gary Clark (WAS)
37%
Frank Sanders (PHX)
34.4%
Carl Pickens (CIN)
30.7%
Muhsin Muhammad (CAR)
30.7%
Henry Ellard (RAM)
30.3%
Drew Hill (HOU)
28.4%
Ben Coates (NWE)
27.3%
Marshall Faulk (IND)
23.8%
Haywood Jeffires (HOU)
23.4%
Haywood Jeffires (HOU)
23.4%
Larry Centers (PHX)
21.9%
O.J. McDuffie (MIA)
12.9%
Curtis Duncan (HOU)
10.2%
Keith Byars (PHI)
4.8%
Marv Cook (NWE)
3.5%
Quiz Playlist
Details
Report
Send in Message
Add To Playlist
Classic:
Type in answers that appear in a list
Quiz Source
Last Updated: Feb 16, 2017
Quiz Scoreboard
CHALLENGE
Sign Up to Join the Scoreboard
Show All
Scores
Hide
Comments
May contain spoilers
Recently Published
Street Fighter Characters
by Artimus82
Gaming
60s
9x9 Crossword: Cartoon Network
by jackfrog10
Miscellaneous
3m
College Basketball Coaching Resumes
by pancakes188
Sports
9m
More to Explore
Quiz From the Vault
Featured Blog Post
Where Did the Easter Bunny Come From?
hide this ad
You Might Also Like...
Tags
NFL Quiz
Year Quiz
1990
reception
Reception Leaders
Today's Top Quizzes in Sports
Browse Sports
hide this ad
Today's Top Quizzes in NFL
Browse NFL
Top Contributed Quizzes in Sports
1
2022 World Cup Stars
2
Les meilleurs buteurs des matchs entre le PSG et l’OM
3
FIFA Club World Cup Champions
4
Les entraîneurs de l'OM et du PSG au 21e siècle
5
Criteria MLB: Left Handed Sluggers
6
2023 MLB Unique Player Accomplishments
7
AFC Teams Reveal (Wrong Answers Minefield)
8
5-to-1: FBS Animal Nicknames
9
Players with Multiple 50 Home Run Seasons
10
5-to-1: UK Sports Teams
Explore More
Trending Topics
Kpop
Crossword
NBA
Disney
Marvel
Harry Potter
Anime
NFL
Puzzle
Song
Pokémon
Soccer
Country
The Office
WWE
hide this ad
More By:
jmsmke
Quiz
Plays
Rating
Category
Featured
Created
U.S. States by longest Great Lake coastline
612
5.00
Geography
Feb 9, 2012
NFL 1990's Yearly Top 5 Reception Leaders
479
5.00
Sports
Sep 30, 2010
Largest Rivers by Discharge
456
4.17
Geography
Sep 25, 2009
NBA Playoff Appearances in the 1980's
364
3.00
Sports
Jul 23, 2010
NFC North All Time Leaders
303
Sports
Oct 14, 2010
Go to Creator's Profile
Score Distribution
Quiz Creator Spotlight
jmsmke
Follow
Send a Message
Quizzes Created
-
Created Quiz Play Count
-
More By This Creator
Popular Quizzes Today
1
Find the US States - No Outlines Minefield
2
Find the Countries of Europe - No Outlines Minefield
3
The Countries of the World
4
Find the US States
5
Risky Map Clicking: Biggest States A-Z
6
US States
7
Popular People in 1961
8
Movies - When Are They Set?
More Sports Quizzes
Womens Royal Rumble Winners PPV Opponents of That Year
Quiz Lab
Trending Quizzes
Risky Map Clicking: Least Populous States A-Z
Countries of the World: 200 Million BC
1-10 Letter G Words
Risky Map Clicking: Next State Alphabetically
Adjectives in 80s TV Shows
Recently Updated
Leaping Animals
pecheneg
Reality TV Shows (A-Z)
bhenderson79
Rickey Henderson's Hall of Fame Teammates
pecheneg
Champions League XIs: Arsenal
pecheneg
Quick Pick: Celebrities in WWE's Hall of Fame
aduchscher
A-Z Keypad Blitz II
pecheneg
Multiple Oscar Actors
pecheneg
Mystery Phrase Blitz: Oscar 'Best Actors'
pecheneg
F. Scott Fitzgerald Novels
LTH
Pick 3 Villains
ddd62291
Trending Topics
Marvel
Harry Potter
Disney
NBA
Crossword
Anime
Kpop
The Office
Puzzle
Soccer
Song
NFL
Pokémon
WWE
Country
Your Account Isn't Verified!
In order to create a playlist on Sporcle, you need to verify the email address you used during registration. Go to your
Sporcle Settings
to finish the process.
Report this User
Report this user for behavior that violates our
Community Guidelines
.
Details:
Send Report
Go to the Sporcle.com Mobile Site →
Comments